[Event "XLV Sevilla Open 2020"]
[Site "Sevilla"]
[Date "2020.01.18"]
[Round "9.11"]
[White "Uribe, Jhonny Alberto"]
[Black "Pap, Misa"]
[Result "0-1"]
[WhiteElo "2149"]
[BlackElo "2427"]
[Annotator "ChessBase"]
[PlyCount "52"]
[EventDate "2020.01.05"]
[EventType "swiss"]
[EventCountry "ESP"]
[SourceTitle "playchess.com"]
[Source "ChessBase"]
[SourceQuality "1"]
[TimeControl "5400+30"]

1. d4 {[%emt 0:00:07]} Nf6 {[%emt 0:02:25]} 2. Nf3 {[%emt 0:00:15]} e6 {[%emt 0:00:10]} 3. Bf4 {[%emt 0:00:18]} c5 {[%emt 0:06:01]} 4. e3 {[%emt 0:01:26]} Qb6 {[%emt 0:01:45]} 5. b3 {[%emt 0:10:40]} Nd5 {[%emt 0:06:40]} 6. Bxb8 {[%emt 0:06:26]} Rxb8 {[%emt 0:03:08]} 7. c3 {[%emt 0:04:57]} cxd4 {[%emt 0:06:32]} 8. Nxd4 {[%emt 0:07:15]} Be7 {[%emt 0:10:09]} 9. Bd3 {[%emt 0:03:43]} Qc7 {[%emt 0:01:23]} 10. Nb5 {[%emt 0:08:14]} Qe5 {[%emt 0:04:40]} 11. Nxa7 {[%emt 0:11:28]} Nxe3 {[%emt 0:01:06]} 12. fxe3 {[%emt 0:04:16]} Qxe3+ {[%emt 0:00:08]} 13. Qe2 {[%emt 0:00:02]} Qxa7 {[%emt 0:00:11]} 14. Nd2 {[%emt 0:00:41]} O-O {[%emt 0:03:12]} 15. h4 {[%emt 0:00:39]} Qc5 {[%emt 0:02:15]} 16. Rh3 {[%emt 0:01:53]} f5 {[%emt 0:01:12]} 17. Rc1 {[%emt 0:02:14]} Bf6 {[%emt 0:04:51]} 18. Kd1 {[%emt 0:00:22]} d6 {[%emt 0:04:25]} 19. Nf3 {[%emt 0:01:14]} Bd7 {[%emt 0:01:00]} 20. b4 {[%emt 0:03:04]} Qb6 {[%emt 0:02:30]} 21. Kd2 {[%emt 0:03:54]} h6 {[%emt 0:03:04]} 22. Rg3 {[%emt 0:02:27]} Rbc8 {[%emt 0:00:54]} 23. a3 {[%emt 0:00:33]} Qc7 {[%emt 0:03:29]} 24. Rg6 {[%emt 0:06:13]} d5 {[%emt 0:05:21]} 25. Qe3 {[%emt 0:06:26]} f4 {[%emt 0:02:41]} 26. Qf2 {[%emt 0:02:11]} e5 {[%emt 0:00:35]} 0-1

[Event "XLV Sevilla Open 2020"]
[Site "Sevilla"]
[Date "2020.01.18"]
[Round "9.12"]
[White "Gu, Tianlu"]
[Black "Bukal, Vladimir Jr."]
[Result "0-1"]
[WhiteElo "2255"]
[BlackElo "2385"]
[Annotator "TA"]
[PlyCount "68"]
[EventDate "2020.01.05"]
[EventType "swiss"]
[EventCountry "ESP"]
[SourceTitle "playchess.com"]
[Source "ChessBase"]
[SourceQuality "1"]

{[%evp 13,68,-5,34,-23,-24,-33,106,100,85,37,36,40,58,54,116,96,91,102,161,85,95,88,85,0,-11,-1,0,-132,-132,-312,-320,-310,-308,-323,-326,-369,-357,-345,-301,-387,-373,-439,-409,-416,-398,-463,-358,-950,-922,-29992,-29993,-29994,-29995,-29995,-29996,-29996,-29997]} 1. e4 e6 2. d4 d5 3. Nc3 Bb4 4. e5 c5 5. a3 Bxc3+ 6. bxc3 Ne7 7. Qg4 cxd4 8. Bd3 {C18: French: 3 Nc3 Bb4: Main line: 7 h4 and 7 Qg4.} ({White should play} 8. Qxg7 $14 Rg8 9. Qxh7) 8... Qa5 $11 (8... dxc3 $6 9. Qxg7 Rg8 10. Qxh7 $14) 9. Ne2 Nbc6 (9... O-O $15 {keeps the upper hand.}) 10. Qxg7 $16 {White is better.} Rg8 11. Qxh7 Nxe5 12. Bd2 dxc3 13. Bxc3 {[%mdl 64] Double Attack} Qc7 (13... Nxd3+ $14 14. cxd3 (14. Qxd3 Qa4 $11) 14... Qb5) 14. O-O Bd7 15. f4 $1 {[#]} Nc4 $146 {[#]} (15... Nxd3 $16 {was necessary.} 16. cxd3 Rc8) ({Predecessor:} 15... N5c6 16. Bf6 O-O-O 17. Qh4 Rde8 18. Qf2 Kb8 19. Nd4 Ka8 20. Nb5 Qb8 21. Bh7 Rgf8 {1-0 (34) Lugo,B (2380)-Sevillano,E (2528) Indianapolis 2009}) 16. Bf6 (16. Rf2 $1 $18) 16... Ne3 17. Rf3 Ng4 {[#]} ({But not} 17... Rxg2+ $2 18. Kh1 $18) 18. Bxe7 (18. Bg7 $1 $16) 18... Kxe7 $11 19. Qh4+ Nf6 20. f5 (20. Qf2 $11 {keeps the balance.}) 20... e5 {And now ...e4 would win.} 21. Nf4 $2 (21. Qb4+ $17 Qd6 22. Ng3) 21... Qb6+ $19 22. Kh1 {Hoping for Nxd5+.} exf4 23. Re1+ Kd8 24. Rxf4 {and the idea Rb4 leaves White hopeful.} Qd6 25. c4 {intending c5!} Rc8 {[%cal Ba8c8,Bc8c5,Bc5d5,Bd5d2][%mdl 32]} 26. Rb1 b6 27. h3 Rc5 28. cxd5 Kc7 29. a4 Rxd5 ({Don't do} 29... Qxd5 30. Bf1 $19) 30. Bc4 $2 (30. Be2) 30... Rd2 31. Bxf7 Rgxg2 {Black mates.} 32. Rc1+ Bc6 33. Bd5 Qxd5 34. Rxc6+ Qxc6 {Accuracy: White = 45%, Black = 74%.} 0-1

[Event "XLV Sevilla Open 2020"]
[Site "Sevilla"]
[Date "2020.01.18"]
[Round "9.13"]
[White "Padmini, Rout"]
[Black "Pratyusha, Bodda"]
[Result "1-0"]
[WhiteElo "2369"]
[BlackElo "2267"]
[Annotator "ChessBase"]
[PlyCount "53"]
[EventDate "2020.01.05"]
[EventType "swiss"]
[EventCountry "ESP"]
[SourceTitle "playchess.com"]
[Source "ChessBase"]
[SourceQuality "1"]
[TimeControl "5400+30"]

1. e4 {[%emt 0:03:35]} c5 {[%emt 0:00:05]} 2. Nf3 {[%emt 0:00:11]} d6 {[%emt 0:00:04]} 3. d4 {[%emt 0:00:30]} cxd4 {[%emt 0:00:04]} 4. Nxd4 {[%emt 0:00:07]} Nf6 {[%emt 0:00:11]} 5. Nc3 {[%emt 0:00:04]} a6 {[%emt 0:00:08]} 6. Be2 {[%emt 0:00:06]} e5 {[%emt 0:00:23]} 7. Nb3 {[%emt 0:00:05]} Be6 {[%emt 0:01:55]} 8. O-O {[%emt 0:00:32]} Be7 {[%emt 0:00:14]} 9. Qd3 {[%emt 0:00:32]} O-O {[%emt 0:01:29]} 10. Nd5 {[%emt 0:00:44]} Nbd7 {[%emt 0:05:29]} 11. Bd2 {[%emt 0:01:42]} Nc5 {[%emt 0:04:44]} 12. Nxc5 {[%emt 0:01:29]} dxc5 {[%emt 0:00:05]} 13. c4 {[%emt 0:00:32]} Nxd5 {[%emt 0:05:08]} 14. cxd5 {[%emt 0:07:48]} Bd7 {[%emt 0:01:19]} 15. a4 {[%emt 0:06:44]} Bd6 {[%emt 0:01:18]} 16. a5 {[%emt 0:04:50]} f5 {[%emt 0:02:25]} 17. f3 {[%emt 0:09:10]} f4 {[%emt 0:09:07]} 18. Be1 {[%emt 0:04:20]} Qg5 {[%emt 0:05:37]} 19. Qd2 {[%emt 0:12:19]} c4 {[%emt 0:08:30]} 20. Bxc4 {[%emt 0:03:18]} Rac8 {[%emt 0:00:30]} 21. b3 {[%emt 0:00:27]} Rf6 {[%emt 0:01:07]} 22. g4 {[%emt 0:07:39]} Rg6 {[%emt 0:07:25]} 23. Kh1 {[%emt 0:04:07]} Bxg4 {[%emt 0:13:18]} 24. fxg4 {[%emt 0:00:13]} Qxg4 {[%emt 0:00:05]} 25. Qe2 {[%emt 0:04:25]} Qg5 {[%emt 0:04:01]} 26. Qf3 {[%emt 0:00:46]} Bc5 {[%emt 0:02:22]} 27. Bf2 {[%emt 0:00:18]} 1-0

[Event "XLV Sevilla Open 2020"]
[Site "Sevilla"]
[Date "2020.01.18"]
[Round "9.14"]
[White "Morales Araujo, Francisco Javier"]
[Black "Bernadskiy, Vitaliy"]
[Result "0-1"]
[WhiteElo "2103"]
[BlackElo "2588"]
[Annotator "ChessBase"]
[PlyCount "100"]
[EventDate "2020.01.05"]
[EventType "swiss"]
[EventCountry "ESP"]
[SourceTitle "playchess.com"]
[Source "ChessBase"]
[SourceQuality "1"]
[TimeControl "5400+30"]

1. f4 b6 2. Nf3 Bb7 3. e3 g6 4. d4 Bg7 5. Bd3 Nf6 6. O-O O-O 7. Qe2 c5 8. c3 Ne4 9. Nbd2 d5 10. Ng5 Nxg5 11. fxg5 e5 12. dxe5 Qxg5 13. Nf3 Qe7 14. e4 c4 15. Bc2 Nd7 16. Bg5 Qe6 17. Rae1 Nxe5 18. Nxe5 Qxe5 19. Bf4 Qe6 20. e5 Rae8 21. Qd2 f6 22. exf6 Qxf6 23. Be5 Qe7 24. Bd4 Bxd4+ 25. cxd4 Rxf1+ 26. Rxf1 Ba6 27. Rf3 Qe1+ 28. Qxe1 Rxe1+ 29. Kf2 Rc1 30. Rc3 Kg7 31. Ba4 Rb1 32. Bc6 Rxb2+ 33. Kg3 Bc8 34. Bxd5 b5 35. Re3 Kf6 36. Re8 Bd7 37. Rh8 Ke7 38. Rxh7+ Kd6 39. Be4 c3 40. Rh6 c2 41. Rxg6+ Be6 42. Bxc2 Rxc2 43. h4 Rc8 44. h5 a5 45. h6 Rg8 46. Rxg8 Bxg8 47. Kf4 b4 48. Ke3 a4 49. Kd2 Bh7 50. a3 bxa3 0-1

[Event "XLV Sevilla Open 2020"]
[Site "Sevilla"]
[Date "2020.01.18"]
[Round "9.15"]
[White "Pindado Campos, Raul"]
[Black "Harutyunian, Tigran K."]
[Result "1/2-1/2"]
[WhiteElo "2103"]
[BlackElo "2533"]
[Annotator "TA"]
[PlyCount "125"]
[EventDate "2020.01.05"]
[EventType "swiss"]
[EventCountry "ESP"]
[SourceTitle "playchess.com"]
[Source "ChessBase"]
[SourceQuality "1"]

{[%evp 16,125,30,18,35,27,34,-28,-12,-15,-18,-29,11,-8,0,-8,0,-9,-26,-66,-57,-102,-115,-112,-124,-136,-132,-116,-112,-107,-117,-122,-129,-169,-83,-98,-75,-129,-124,-196,-131,-132,-86,-97,-103,-97,-97,-121,-100,-130,-136,-183,-139,-162,-139,-195,-65,-83,-62,-74,-67,-62,0,0,0,0,0,0,0,0,0,0,0,0,0,0,0,0,0,0,0,0,0,0,0,0,0,0,0,0,0,0,0,0,0,0,31,0,0,0,0,0,0,0,0,0,0,0,0,0,0,0]} 1. d4 Nf6 2. c4 e6 3. g3 d5 4. Nf3 Bb4+ 5. Bd2 Bd6 6. Bg2 c6 7. O-O O-O 8. Nc3 Nbd7 9. b3 Re8 {E01: Catalan: Early deviations} 10. Qc2 dxc4 11. e4 $146 ({White should try} 11. bxc4 $14 e5 12. e3) ({Predecessor:} 11. bxc4 e5 12. e3 exd4 13. exd4 Nf8 14. Rab1 Rb8 15. d5 cxd5 16. cxd5 a6 17. Nd4 {½-½ (65) Cheparinov,I (2712)-Zubov,A (2611) Ankara 2018}) 11... cxb3 {Black has an edge.} 12. axb3 {Strongly threatening e5.} e5 13. Rad1 Qb6 14. h3 exd4 15. Na4 d3 16. Qxd3 Qc7 17. Nd4 b5 {[%cal Bb7b5,Bb5b4][%mdl 32]} 18. Nf5 Bf8 $36 {[%mdl 2048] Black is on the roll.} 19. Nc3 Nc5 20. Qc2 {White wants to play Bf4.} b4 21. Bf4 Qb6 22. e5 Nh5 23. Ne2 Nxf4 24. gxf4 {[#]} Be6 (24... Bxf5 $1 $19 {and Black stays clearly on top.} 25. Qxf5 Nxb3) 25. Ned4 $17 Bd5 26. Bxd5 (26. Ne3 $142) 26... cxd5 27. Kh1 (27. Ne3 $17) 27... Rac8 (27... a5 $19 28. Rg1 a4 29. bxa4 g6) 28. Qe2 Ne4 29. Qg4 g6 30. f3 Nc3 31. Rd2 Nb5 32. Nxb5 Qxb5 33. Rg1 Qb6 34. h4 {[#]} h5 $1 {[%mdl 512]} 35. Qg5 (35. Qg2 $17) (35. Qxh5 Qxg1+) 35... Kh7 (35... Rc3 $19 36. Nd4 Bc5) 36. Nd6 $1 $15 Bxd6 37. exd6 Qxd6 {And now ...Rc3 would win.} 38. Rxd5 Qe7 {[#]} (38... Qc6 $1 $15 39. f5 Rc7) 39. Qxh5+ $1 $11 {[%mdl 512]} Kg7 (39... gxh5 40. Rxh5#) 40. Rdg5 $1 {[%cal Rg5g6] Intending Rxg6+! and mate.} Rc6 41. f5 {[%cal Rf5g6]} Rh8 42. Qg4 {Threatens to win with Qd4+.} Rh6 43. fxg6 Rcxg6 44. h5 Qf6 45. f4 Kh7 46. Kh2 a5 47. Rg3 Qb2+ 48. Kg1 Qd4+ 49. Kg2 Qe4+ 50. Kg1 Qe1+ 51. Kg2 Qe4+ 52. Kg1 Qb1+ 53. Kg2 Qc2+ 54. Kg1 Qc1+ 55. Kg2 Qc6+ 56. Kg1 (56. Rf3 $5 {[%cal Rh5g6]} Qc2+ 57. Kg3 $14) 56... Qc1+ {The position is equal.} 57. Kg2 Qd2+ 58. Kg1 Qe1+ 59. Kg2 Qe4+ 60. Kg1 Rxg5 61. Qxg5 {[%csl Gg3][%cal Rg5g8]} Qe1+ 62. Kg2 {[%csl Gg3][%cal Rg5g8]} Qe2+ 63. Kg1 {Accuracy: White = 54%, Black = 63%.} 1/2-1/2

[Event "XLV Sevilla Open 2020"]
[Site "Sevilla"]
[Date "2020.01.18"]
[Round "9.16"]
[White "Ordonez Torres, Maria Del Carmen"]
[Black "Polivanov, Anatoliy"]
[Result "0-1"]
[WhiteElo "2061"]
[BlackElo "2420"]
[Annotator "ChessBase"]
[PlyCount "56"]
[EventDate "2020.01.05"]
[EventType "swiss"]
[EventCountry "ESP"]
[SourceTitle "playchess.com"]
[Source "ChessBase"]
[SourceQuality "1"]
[TimeControl "5400+30"]

1. e4 e6 2. d4 d5 3. e5 c5 4. c3 Nc6 5. Nf3 Bd7 6. Be2 Nge7 7. O-O Ng6 8. g3 Be7 9. h4 cxd4 10. cxd4 O-O 11. Nc3 f6 12. Bd3 fxe5 13. Bxg6 Rxf3 14. Bxh7+ Kxh7 15. Qxf3 Nxd4 16. Qh5+ Kg8 17. f4 e4 18. f5 Nxf5 19. Nxd5 exd5 20. Rxf5 Bxf5 21. Qxf5 Qb6+ 22. Kg2 Rd8 23. Kh3 Qf6 24. Qh5 e3 25. Qg4 d4 26. b3 d3 27. Rb1 Qf1+ 28. Kh2 Qe2+ 0-1

[Event "XLV Sevilla Open 2020"]
[Site "Sevilla"]
[Date "2020.01.18"]
[Round "9.17"]
[White "Carrasco Martinez, Juan M."]
[Black "Silva Lucena, Cristian"]
[Result "0-1"]
[WhiteElo "2391"]
[BlackElo "2217"]
[Annotator "ChessBase"]
[PlyCount "62"]
[EventDate "2020.01.05"]
[EventType "swiss"]
[EventCountry "ESP"]
[SourceTitle "playchess.com"]
[Source "ChessBase"]
[SourceQuality "1"]
[TimeControl "5400+30"]

1. e4 e5 2. Nf3 Nc6 3. d4 exd4 4. Nxd4 Nf6 5. Nxc6 bxc6 6. Nd2 Bc5 7. Bd3 O-O 8. O-O Re8 9. Nb3 Bb6 10. Qf3 d6 11. h3 Nd7 12. Kh1 Qh4 13. Bf4 Ne5 14. Qg3 Qxg3 15. Bxg3 Nxd3 16. cxd3 a5 17. Rfc1 a4 18. Nd2 Ba6 19. Rxc6 Bxd3 20. f3 Rab8 21. Nc4 Bc5 22. b3 axb3 23. axb3 Rxb3 24. Na5 Rb5 25. Be1 Bb6 26. Rcc1 f5 27. exf5 Rxe1+ 28. Rxe1 Bxa5 29. Re8+ Kf7 30. Ra8 Bb6 31. g4 Rb1+ 0-1